Statistiques concernant Pays où Alors On Danse de Stromae s'est classé dans les charts

Cliquez ici pour prendre le quiz!

Statistiques générales

  • Ce quiz a été pris 23 fois
  • Le résultat moyen est 23 sur 27

Statistiques - réponses

Positions dans les chartsPays% Correct
1Autriche
100%
1Belgique
100%
19 (Billboard Dance/Mix Airplay)États Unis
100%
1France
100%
25Royaume Uni
100%
1Suisse
100%
9Espagne
95%
1Italie
95%
12Norvège
95%
1Allemagne
91%
1Danemark
91%
2Suède
91%
3Finlande
86%
29Hongrie
86%
1Pays Bas
86%
1Russie
86%
46Canada
82%
1Grece
82%
1Luxembourg
82%
1Roumanie
82%
22Irlande
77%
1Pologne
77%
1Tchéquie
73%
1Turquie
73%
1Bulgarie
68%
1Slovaquie
59%
4Israel
36%

Distribution des résultats

Percentile par nombre de réponses

% des personnes avec chaque résultat

Votre développement - résultats

Vous n’avez pas pris ce quiz